书目信息 |
| 题名: |
翻译变体研究
|
|
| 作者: | 黄忠廉 著 | |
| 分册: | ||
| 出版信息: | 北京 中国对外翻译出版公司 2000.01 |
|
| 页数: | 358页 | |
| 开本: | 20cm | |
| 丛书名: | 翻译理论与实务丛书 | |
| 单 册: | ||
| 中图分类: | H059 | |
| 科图分类: | ||
| 主题词: | 翻译 | |
| 电子资源: | ||
| ISBN: | 7-5001-0654-8 | |
| 000 | 00616nam0 2200217 450 | |
| 001 | 0431339189 | |
| 005 | 20061027152257.60 | |
| 010 | @a7-5001-0654-8@dCNY 18.00 | |
| 100 | @a20041019d2000 km y0chiy0120 ea | |
| 101 | 0 | @achi |
| 102 | @aCN@b110000 | |
| 200 | 1 | @a翻译变体研究@Afan yi bian ti yan jiu@f黄忠廉著@Fhuang zhong lian zhu |
| 210 | @a北京@c中国对外翻译出版公司@d2000.01 | |
| 215 | @a358页@d20cm | |
| 225 | 2 | @a翻译理论与实务丛书 |
| 410 | 0 | @12001 @a翻译理论与实务丛书 |
| 606 | 0 | @a翻译 |
| 690 | @aH059@v3 | |
| 701 | 0 | @a黄忠廉@Ahuang zhong lian@4著 |
| 801 | 0 | @aCN@c20061027 |
| 905 | @a10447@dH059@eH9202 | |
| 翻译变体研究/黄忠廉著.-北京:中国对外翻译出版公司,2000.01 |
| 358页;20cm.-(翻译理论与实务丛书) |
| ISBN 7-5001-0654-8:CNY 18.00 |
| ● |
| 相关链接 |
|
|
|
正题名:翻译变体研究
索取号:H059/H9202
 
预约/预借
| 序号 | 登录号 | 条形码 | 馆藏地/架位号 | 状态 | 备注 |
| 1 | 420841 | 204208419 | 外国语学院资料室/ [索取号:H059/H9202] | 在馆 | |
| 2 | 632660 | 206326607 | 语言库209/209语言库 67排3列1层/ [索取号:H059/H9202] | 在馆 | |
| 3 | 632661 | 206326616 | 语言库209/209语言库 67排3列1层/ [索取号:H059/H9202] | 在馆 |